Metódy na zaistenie konzistencie časových radov s rôznou frekvenciou (benchmarking)
Stručný popis dvoch metód, ktoré zabezpečujú konzistenciu štvrťročných a ročných časových radov. Čo je benchmarking. Pro-rata rozdelenie a step problém. Propocionálna Dentonova metóda. Extrapolácia. Numerické ilustračné príklady.
Uložené v:
| Hlavný autor: | |
|---|---|
| Médium: | Kapitola |
| Jazyk: | Slovak |
| Predmet: | |
| Tagy: |
Žiadne tagy, Buďte prvý, kto otaguje tento záznam!
|
MARC
| LEADER | 00000naa$a2200000$$$4500 | ||
|---|---|---|---|
| 001 | 0056805 | ||
| 005 | 20230906075433.3 | ||
| 041 | 0 | |a slo | |
| 044 | |a SK | ||
| 245 | 1 | 0 | |a Metódy na zaistenie konzistencie časových radov s rôznou frekvenciou (benchmarking) |c Helena Solčánska |
| 520 | |a Stručný popis dvoch metód, ktoré zabezpečujú konzistenciu štvrťročných a ročných časových radov. Čo je benchmarking. Pro-rata rozdelenie a step problém. Propocionálna Dentonova metóda. Extrapolácia. Numerické ilustračné príklady. | ||
| 610 | 2 | 0 | |a benchmarking |
| 610 | 2 | 0 | |a rady časové |
| 610 | 2 | 0 | |a metódy matematicko-štatistické |
| 610 | 2 | 0 | |a modely matematicko-štatistické |
| 100 | 1 | |a Solčánska, Helena | |